00245 a2200121 4500260001000000260001100010250001700021245003000038100001600068700001900084260000900103300001100112 aParis bMasson a2ème éd. aNutrition et alimentation aJacotot, B. aLeparco, J. C. c1992 a311 p.